000 00641nam a2200193 i 4500
001 77297
003 ES-MaACL
005 20251012194835.0
007 t|
008 041007s1972 sp |||| | spa d
245 0 3 _aEl ensayo hispanoamericano
_b: selecciones de pensadores hispanoamericanos, desde la Independencia hasta nuestros días /
_cpor Carlos D. Hamilton.
250 _a1ª ed.
260 _aMadrid :
_bIberoamericanas,
_c1972.
300 _a206 p. ;
_c22 cm.
650 4 _aEnsayos hispanoamericanos.
_9208461
700 1 _aHamilton, Carlos Depassier,
_d1908-
_9154480
852 _aES-MaACL
_jC-42259
999 _c77297
_d77297